Score 0/14 Timer 05:00
0 Plays Today
Hint Answer % Correct
3 x PPhilippines
94.3%
3 x RCentral African Republic
85.8%
3 x CCentral African Republic
85.8%
3 x NSaint Kitts and Nevis
84.9%
3 x SSaint Kitts and Nevis
84.9%
3 x TSaint Kitts and Nevis
84.9%
3 x LMarshall Islands
82.1%
Hint Answer % Correct
3 x SMarshall Islands
82.1%
3 x TSaint Vincent and the Grenadines
82.1%
3 x TUnited States of America
80.2%
3 x DTrinidad and Tobago
76.4%
3 x SSolomon Islands
76.4%
3 x CCzech Republic
72.6%
3 x NBosnia and Herzegovina
60.4%

You're not logged in!

Compare scores with friends on all Sporcle quizzes.
OR
Log In

Sporcle TV

Today on Sporcle TV


Watch our educational content, quiz creation guides, and fun videos on Sporcle TV.

Show Comments

Extras

Top Quizzes Today


Score Distribution

Paid Content

Your Account Isn't Verified!

In order to create a playlist on Sporcle, you need to verify the email address you used during registration. Go to your Sporcle Settings to finish the process.

Report this User

Report this user for behavior that violates our Community Guidelines.

Details: